[Event "POL-ch sf"]
[Site "Karpacz"]
[Date "2023.12.08"]
[Round "5"]
[White "Luberanski, Jakub"]
[Black "Krol, Jan"]
[Result "1-0"]
[WhiteElo "2288"]
[BlackElo "1851"]
[PlyCount "107"]
[EventDate "2023.12.04"]
[EventType "swiss"]
[EventRounds "9"]
[EventCountry "POL"]
[SourceTitle "CB50_2023"]
[SourceDate "2023.12.13"]
[SourceVersion "1"]
[SourceVersionDate "2023.12.13"]
[SourceQuality "1"]

1. e4 c5 2. Nf3 d6 3. d4 cxd4 4. Nxd4 Nf6 5. Nc3 a6 6. h3 e5 7. Nde2 h5 8. g3 Be6 9. Bg2 Nbd7 10. a4 Be7 11. b3 0-0 12. f4 Nb6 13. a5 Nc8 14. f5 Bd7 15. g4 Nh7 16. Qd3 Bb5 17. Nxb5 axb5 18. Bd2 Bh4+ 19. Ng3 d5 20. Ke2 Bxg3 21. Qxg3 h4 22. Qd3 Nf6 23. Bg5 dxe4 24. Qxd8 Rxd8 25. Bxh4 Nd6 26. Rhd1 Ra6 27. Rd2 Rc8 28. Rad1 Nfe8 29. Be7 Rcc6 30. c4 bxc4 31. bxc4 f6 32. c5 Nc8 33. Rd7 Nxe7 34. Rxe7 Kf8 35. Rxb7 Rxc5 36. Bxe4 Rd6 37. Ra1 Ra6 38. Rd1 Rd6 39. Ra7 Rxd1 40. Kxd1 Nd6 41. Bd3 Rd5 42. Ke2 e4 43. Bc2 Rb5 44. Rd7 Nc4 45. a6 Rb2 46. a7 Nb6 47. Kd1 Ra2 48. Rb7 Nc8 49. Rb8 Rxa7 50. Rxc8+ Ke7 51. Bxe4 Ra3 52. Bg2 Kd7 53. Rg8 Ra1+ 54. Ke2 1-0

[Event "POL-ch Rapid U18"]
[Site "Bydgoszcz"]
[Date "2023.08.30"]
[Round "11"]
[White "Kacprzak, Kacper"]
[Black "Luberanski, Jakub"]
[Result "0-1"]
[WhiteElo "2302"]
[BlackElo "2187"]
[PlyCount "76"]
[EventDate "2023.08.28"]
[EventType "swiss"]
[EventRounds "11"]
[EventCountry "POL"]
[SourceTitle "EXT 2024"]
[Source "ChessBase"]
[SourceDate "2023.10.10"]
[SourceVersion "1"]
[SourceVersionDate "2023.10.10"]
[SourceQuality "1"]

1. e4 e6 2. d4 d5 3. Nc3 Nf6 4. e5 Nfd7 5. f4 c5 6. Nf3 Nc6 7. Be3 cxd4 8. Nxd4 Qb6 9. a3 Bc5 10. Ncb5 Nxd4 11. Bxd4 0-0 12. b4 Bxd4 13. Qxd4 f6 14. Qxb6 Nxb6 15. Bd3 fxe5 16. fxe5 Bd7 17. Nd4 Rf4 18. Ne2 Rg4 19. 0-0 Rg5 20. Nd4 Rxe5 21. Nf3 Rh5 22. g4 Rh6 23. g5 Rh5 24. g6 hxg6 25. Bxg6 Rh6 26. Ne5 Be8 27. Bd3 Nd7 28. Ng4 Rh4 29. h3 Bh5 30. Nf2 Ne5 31. Kg2 Rf8 32. Rae1 Nf3 33. Rxe6 Rhf4 34. Kg3 Nd2 35. Rg1 Rxf2 36. Kh4 Nf3+ 37. Kxh5 Nxg1 38. h4 Nh3 0-1

[Event "POL-ch Rapid U18"]
[Site "Bydgoszcz"]
[Date "2023.08.30"]
[Round "10"]
[White "Kaliszuk, Kamil"]
[Black "Luberanski, Jakub"]
[Result "1/2-1/2"]
[WhiteElo "2044"]
[BlackElo "2187"]
[PlyCount "91"]
[EventDate "2023.08.28"]
[EventType "swiss"]
[EventRounds "11"]
[EventCountry "POL"]
[SourceTitle "EXT 2024"]
[Source "ChessBase"]
[SourceDate "2023.10.10"]
[SourceVersion "1"]
[SourceVersionDate "2023.10.10"]
[SourceQuality "1"]

1. e4 e6 2. d4 d5 3. Nd2 c5 4. exd5 Qxd5 5. dxc5 Bxc5 6. Ngf3 Nf6 7. Bc4 Qd6 8. 0-0 Nc6 9. a3 0-0 10. Qe2 e5 11. b4 Bd4 12. Rb1 Bg4 13. Bd3 Rfe8 14. h3 Bh5 15. g4 Bg6 16. Bxg6 hxg6 17. Ne4 Qd5 18. Nxf6+ gxf6 19. c4 Qd7 20. b5 Na5 21. Bd2 Qc7 22. Bxa5 Qxa5 23. Nxd4 exd4 24. Qd3 Rad8 25. Rfc1 b6 26. Rb4 Re5 27. Rd1 a6 28. Qb3 axb5 29. cxb5 Qa8 30. Qd3 Red5 31. Rc4 f5 32. Rc6 Qa5 33. Rb1 Re8 34. Kg2 Kg7 35. gxf5 Rxf5 36. Qxd4+ Kh7 37. Rf6 Qa8+ 38. Kh2 Re4 39. Qxb6 Qxa3 40. Rxf5 gxf5 41. Qf6 Qf3 42. Qxf7+ Kh6 43. Qf6+ Kh7 44. Qf7+ Kh6 45. Qf6+ Kh7 46. Qf7+ 1/2-1/2

[Event "POL-ch Rapid U18"]
[Site "Bydgoszcz"]
[Date "2023.08.29"]
[Round "4"]
[White "Klimkowski, Jan"]
[Black "Luberanski, Jakub"]
[Result "1-0"]
[WhiteElo "2347"]
[BlackElo "2187"]
[PlyCount "99"]
[EventDate "2023.08.28"]
[EventType "swiss"]
[EventRounds "11"]
[EventCountry "POL"]
[SourceTitle "EXT 2024"]
[Source "ChessBase"]
[SourceDate "2023.10.10"]
[SourceVersion "1"]
[SourceVersionDate "2023.10.10"]
[SourceQuality "1"]

1. c4 c6 2. d4 d5 3. Nf3 Nf6 4. Nc3 e6 5. Bg5 dxc4 6. e4 b5 7. e5 h6 8. Bh4 g5 9. Nxg5 hxg5 10. Bxg5 Nbd7 11. exf6 Bb7 12. h4 Qb6 13. Qf3 c5 14. dxc5 Bxc5 15. Qg3 0-0-0 16. 0-0-0 Bxf2 17. Qf4 e5 18. Qf5 Bd4 19. Nxb5 Bxb2+ 20. Kxb2 Qxb5+ 21. Ka1 Kb8 22. Be2 Nc5 23. Qxe5+ Ka8 24. Qb2 Nb3+ 25. Qxb3 Qe5+ 26. Qb2 c3 27. Qc2 Bxg2 28. Rxd8+ Rxd8 29. Rc1 Rd2 30. Qxc3 Qxc3+ 31. Rxc3 Rxe2 32. Be3 Re1+ 33. Kb2 Re2+ 34. Ka1 Re1+ 35. Kb2 Re2+ 36. Rc2 Rxe3 37. Rxg2 Rf3 38. Rh2 Rxf6 39. h5 Rh6 40. Kc3 Kb7 41. Kd4 Kc6 42. Ke5 Kb5 43. Kf5 Ka4 44. Kg5 Rh8 45. Rh3 Rc8 46. h6 a5 47. h7 Rh8 48. Kh6 f5 49. Kg7 Rxh7+ 50. Kxh7 1-0

[Event "POL-ch Rapid U18"]
[Site "Bydgoszcz"]
[Date "2023.08.29"]
[Round "5"]
[White "Luberanski, Jakub"]
[Black "Budzisz, Adrian"]
[Result "1/2-1/2"]
[WhiteElo "2187"]
[BlackElo "1969"]
[PlyCount "50"]
[EventDate "2023.08.28"]
[EventType "swiss"]
[EventRounds "11"]
[EventCountry "POL"]
[SourceTitle "EXT 2024"]
[Source "ChessBase"]
[SourceDate "2023.10.10"]
[SourceVersion "1"]
[SourceVersionDate "2023.10.10"]
[SourceQuality "1"]

1. Nf3 Nf6 2. b3 d5 3. Bb2 c6 4. c4 e6 5. g3 Bd6 6. Bg2 Qe7 7. d4 0-0 8. 0-0 Nbd7 9. Nbd2 e5 10. cxd5 e4 11. Nh4 cxd5 12. Nf5 Qe6 13. Nxd6 Qxd6 14. a4 Re8 15. Ba3 Qb6 16. e3 Nf8 17. b4 Bg4 18. Qb3 Qe6 19. Rfc1 Bh3 20. b5 Ng6 21. Nf1 Bxg2 22. Kxg2 Qg4 23. h3 Nh4+ 24. Kh2 Nf3+ 25. Kg2 Nh4+ 1/2-1/2

[Event "Ustron op-A"]
[Site "Ustron"]
[Date "2023.08.16"]
[Round "6"]
[White "Janeczko, Jakub"]
[Black "Luberanski, Jakub"]
[Result "0-1"]
[WhiteElo "2255"]
[BlackElo "2256"]
[PlyCount "74"]
[EventDate "2023.08.11"]
[EventType "swiss"]
[EventRounds "9"]
[EventCountry "POL"]
[SourceTitle "CBM 215 Extra"]
[Source "ChessBase"]
[SourceDate "2023.09.30"]
[SourceVersion "1"]
[SourceVersionDate "2023.09.30"]
[SourceQuality "1"]

1. Nf3 Nf6 2. c4 e6 3. Nc3 d5 4. e3 c5 5. cxd5 exd5 6. Bb5+ Bd7 7. Bxd7+ Qxd7 8. d4 Nc6 9. 0-0 Bd6 10. dxc5 Bxc5 11. b3 0-0 12. Bb2 Rfd8 13. Rc1 Be7 14. Qe2 Rac8 15. Rfd1 Qe6 16. Nb5 Ne4 17. Nbd4 Qg6 18. Nxc6 bxc6 19. Qa6 c5 20. Qxa7 Bf6 21. Bxf6 Qxf6 22. Rc2 Nc3 23. Re1 g6 24. h3 d4 25. Qa5 Qf5 26. Rb2 Ra8 27. Qc7 d3 28. Kh2 Rd7 29. Qf4 Qxf4+ 30. exf4 Rxa2 31. Rxa2 Nxa2 32. Ne5 Rd4 33. Rd1 Nb4 34. Kg3 f6 35. Nc4 Nd5 36. Nb2 d2 37. Nc4 Nc3 0-1

[Event "Ustron op-A"]
[Site "Ustron"]
[Date "2023.08.14"]
[Round "4"]
[White "Milosevic, Milos"]
[Black "Luberanski, Jakub"]
[Result "0-1"]
[WhiteElo "2417"]
[BlackElo "2256"]
[PlyCount "90"]
[EventDate "2023.08.11"]
[EventType "swiss"]
[EventRounds "9"]
[EventCountry "POL"]
[SourceTitle "CBM 215 Extra"]
[Source "ChessBase"]
[SourceDate "2023.09.30"]
[SourceVersion "1"]
[SourceVersionDate "2023.09.30"]
[SourceQuality "1"]

1. Nf3 Nf6 2. c4 e6 3. b3 d5 4. Bb2 c5 5. e3 Nc6 6. cxd5 exd5 7. Bb5 Bd7 8. 0-0 Bd6 9. h3 0-0 10. Nc3 Re8 11. Rc1 Rc8 12. Re1 Ne5 13. Nxe5 Bxe5 14. Bxd7 Qxd7 15. f4 Bd6 16. Qf3 Bf8 17. Ne2 Rc6 18. d3 Ra6 19. g4 d4 20. e4 Rxa2 21. Rb1 Qb5 22. g5 Nd5 23. exd5 Re3 24. Nxd4 cxd4 25. Rxe3 dxe3 26. Qe4 e2 27. Bc3 Qc5+ 28. Bd4 Qc8 29. f5 Qc2 30. Re1 Qd2 31. Bf2 Qxg5+ 32. Kh1 h6 33. Bh4 Qh5 34. Rg1 Be7 35. Qg2 Bg5 36. Be1 Bf6 37. d6 Qxf5 38. Qg3 Qd5+ 39. Rg2 Ra1 40. Kg1 Bd4+ 41. Kh1 Be5 42. Qh4 Bxd6 43. d4 Bb4 44. Kh2 Bxe1 45. Qg4 Qd6+ 0-1

[Event "Bydgoszcz op-A"]
[Site "Bydgoszcz"]
[Date "2023.06.25"]
[Round "2"]
[White "Bazilius, Augustinas"]
[Black "Luberanski, Jakub"]
[Result "0-1"]
[WhiteElo "2110"]
[BlackElo "2228"]
[PlyCount "135"]
[EventDate "2023.06.24"]
[EventType "swiss"]
[EventRounds "9"]
[EventCountry "POL"]
[SourceTitle "CBM 215 Extra"]
[Source "ChessBase"]
[SourceDate "2023.09.30"]
[SourceVersion "1"]
[SourceVersionDate "2023.09.30"]
[SourceQuality "1"]

1. d4 Nf6 2. c4 e6 3. Nf3 d5 4. g3 dxc4 5. Bg2 a6 6. 0-0 Nc6 7. e3 Rb8 8. Qe2 b5 9. b3 cxb3 10. axb3 Be7 11. Bb2 0-0 12. Rc1 Bb7 13. Nc3 Nb4 14. Nd1 Bd5 15. Ba3 Rb6 16. Nc3 Bb7 17. Ne1 Bxg2 18. Nxg2 Nbd5 19. Nxd5 Nxd5 20. Bxe7 Nxe7 21. Rc5 Qd6 22. Nf4 c6 23. Nd3 Ra8 24. b4 Rb7 25. Qc2 f6 26. Ra3 Rba7 27. Qc3 Rc7 28. Qa1 Rca7 29. Qc3 Qd7 30. Ra5 Nd5 31. Qc2 Nb6 32. Nb2 Rc8 33. Qc1 Qd6 34. Qc2 Nd7 35. Rcxb5 Qf8 36. Rh5 g6 37. Rh4 Qxb4 38. Ra4 Qb5 39. Nd3 a5 40. Ra2 Rca8 41. Nc5 Nxc5 42. dxc5 Rd7 43. Rb2 Qd3 44. Qxd3 Rxd3 45. Rb7 h5 46. Ra4 Kf8 47. Rb6 Ke7 48. Rxc6 Rc3 49. Rc7+ Kd8 50. Rg7 Ra6 51. Rd4+ Kc8 52. Rg8+ Kc7 53. Rg7+ Kc8 54. Rg8+ Kc7 55. Rgd8 Rxc5 56. R4d7+ Kb6 57. Rb8+ Kc6 58. Rd3 a4 59. Ra3 Rc4 60. Kf1 Kc7 61. Rf8 f5 62. Rg8 Rb4 63. Rg7+ Kd6 64. Rd3+ Ke5 65. Rc7 a3 66. Rc5+ Ke4 67. Rd1 a2 68. Kg2 0-1

[Event "Bydgoszcz op-A"]
[Site "Bydgoszcz"]
[Date "2023.06.24"]
[Round "1"]
[White "Luberanski, Jakub"]
[Black "Karut, Kacper"]
[Result "1/2-1/2"]
[WhiteElo "2228"]
[BlackElo "1954"]
[PlyCount "87"]
[EventDate "2023.06.24"]
[EventType "swiss"]
[EventRounds "9"]
[EventCountry "POL"]
[SourceTitle "CBM 215 Extra"]
[Source "ChessBase"]
[SourceDate "2023.09.30"]
[SourceVersion "1"]
[SourceVersionDate "2023.09.30"]
[SourceQuality "1"]

1. e4 c5 2. Nf3 Nc6 3. d4 cxd4 4. Nxd4 Nf6 5. Nc3 d6 6. Bc4 e6 7. Be3 Be7 8. Bb3 0-0 9. 0-0 Nxd4 10. Qxd4 Bd7 11. Rad1 Qa5 12. Qd2 Qc7 13. Bf4 Bc6 14. Bxd6 Bxd6 15. Qxd6 Qxd6 16. Rxd6 Bxe4 17. Nxe4 Nxe4 18. Rd4 Nf6 19. Rfd1 Rfc8 20. h4 h6 21. g4 g5 22. Kg2 Rc7 23. Kg3 Kg7 24. c3 Re8 25. Ba4 Ree7 26. Bb3 e5 27. Rd8 Rcd7 28. hxg5 hxg5 29. Ba4 Rc7 30. Bc2 Rcd7 31. Bf5 Rxd8 32. Rxd8 Rc7 33. Kf3 Ng8 34. Ke4 Nf6+ 35. Kd3 Ng8 36. Rc8 Rxc8 37. Bxc8 Nf6 38. f3 b6 39. Kc4 e4 40. fxe4 Nxe4 41. Kd5 Nf2 42. c4 Nd3 43. a4 Nxb2 44. c5 1/2-1/2

[Event "Titled Tuesday intern op 09th May Early"]
[Site "Chess.com INT"]
[Date "2023.05.09"]
[Round "8"]
[White "Antonio, Jorge Carlos"]
[Black "Luberanski, Jakub"]
[Result "1/2-1/2"]
[WhiteElo "2277"]
[BlackElo "2228"]
[PlyCount "83"]
[EventDate "2023.05.09"]
[EventType "swiss (blitz)"]
[EventRounds "11"]
[EventCountry "USA"]
[SourceTitle "CBM 214 Extra"]
[Source "ChessBase"]
[SourceDate "2023.07.31"]
[SourceVersion "1"]
[SourceVersionDate "2023.07.31"]
[SourceQuality "1"]

1. d4 Nf6 2. Nf3 e6 3. Bf4 d5 4. e3 Be7 5. Bd3 0-0 6. c3 c5 7. Ne5 Nbd7 8. Nd2 Nxe5 9. dxe5 Nd7 10. Nf3 f6 11. exf6 Bxf6 12. Bc2 Qe7 13. Qd3 g6 14. h4 c4 15. Qd2 Nb6 16. Ng5 e5 17. Bg3 Bxg5 18. hxg5 Bf5 19. 0-0-0 Bxc2 20. Qxc2 Qxg5 21. a4 a5 22. Kb1 Qf5 23. e4 Qxe4 24. Qxe4 dxe4 25. Rhe1 Rad8 26. Rxd8 Rxd8 27. Rxe4 Rd2 28. Rxe5 Nxa4 29. Rxa5 Rxb2+ 30. Ka1 Rb3 31. Rxa4 Rxc3 32. Rb4 Rc2 33. Rxb7 h5 34. Kb1 Re2 35. Rc7 Re4 36. Kc2 h4 37. Bd6 Re2+ 38. Kc3 Rxf2 39. Be7 Rxg2 40. Bxh4 g5 41. Bxg5 Rxg5 42. Kxc4 1/2-1/2

[Event "Titled Tuesday intern op 09th May Early"]
[Site "Chess.com INT"]
[Date "2023.05.09"]
[Round "3"]
[White "Luberanski, Jakub"]
[Black "Chemin, Justo Reinaldo"]
[Result "1-0"]
[WhiteElo "2228"]
[BlackElo "2040"]
[PlyCount "79"]
[EventDate "2023.05.09"]
[EventType "swiss (blitz)"]
[EventRounds "11"]
[EventCountry "USA"]
[SourceTitle "CBM 214 Extra"]
[Source "ChessBase"]
[SourceDate "2023.07.31"]
[SourceVersion "1"]
[SourceVersionDate "2023.07.31"]
[SourceQuality "1"]

1. e4 e6 2. d4 d5 3. Nd2 dxe4 4. Nxe4 Qd5 5. Bd3 f5 6. c4 Qxd4 7. Nf3 Bb4+ 8. Ke2 Qd8 9. Bg5 Be7 10. Bxe7 Qxe7 11. Neg5 h6 12. Nh3 g5 13. Re1 g4 14. Ne5 gxh3 15. Ng6 Qf6 16. Nxh8 Qxh8 17. g4 Qe5+ 18. Kd2 Qxb2+ 19. Bc2 Qd4+ 20. Bd3 Qxg4 21. Qa4+ Nc6 22. Rg1 Qf4+ 23. Ke2 Nge7 24. Rg3 Bd7 25. Rb1 0-0-0 26. Qa3 Nd4+ 27. Kf1 Nec6 28. Qb2 b6 29. c5 Ne5 30. Ba6+ Kb8 31. cxb6 cxb6 32. Rc3 Ndf3 33. Qc1 Nxh2+ 34. Kg1 Rg8+ 35. Kh1 Qf3+ 36. Rxf3 Nhxf3 37. Qa3 Kc7 38. Rc1+ Kd8 39. Qd6 h2 40. Rc8# 1-0

[Event "Titled Tuesday intern op 14th Mar Late"]
[Site "Chess.com INT"]
[Date "2023.03.14"]
[Round "8"]
[White "Luberanski, Jakub"]
[Black "Lopez Perdomo, Juan David"]
[Result "0-1"]
[WhiteElo "2242"]
[BlackElo "2020"]
[PlyCount "22"]
[EventDate "2023.03.14"]
[EventType "swiss (blitz)"]
[EventRounds "11"]
[EventCountry "USA"]
[SourceTitle "EXT 2024"]
[Source "ChessBase"]
[SourceDate "2023.10.10"]
[SourceVersion "1"]
[SourceVersionDate "2023.10.10"]
[SourceQuality "1"]

1. e4 e6 2. h4 d5 3. e5 c5 4. h5 h6 5. Nf3 Nc6 6. c3 Nge7 7. d4 cxd4 8. cxd4 Qb6 9. Nc3 Nf5 10. Bb5 Bb4 11. Qa4 0-0 0-1

[Event "POL-ch U18"]
[Site "Jastrzebia Gora"]
[Date "2023.??.??"]
[Round "7"]
[White "Ciszewski, Krzysztof"]
[Black "Luberanski, Jakub"]
[Result "1/2-1/2"]
[WhiteElo "2047"]
[BlackElo "2242"]
[PlyCount "103"]
[EventDate "2023.03.11"]
[EventType "swiss"]
[EventRounds "9"]
[EventCountry "POL"]
[SourceTitle "CBM 213 Extra"]
[Source "ChessBase"]
[SourceDate "2023.05.31"]
[SourceVersion "1"]
[SourceVersionDate "2023.05.31"]
[SourceQuality "1"]

1. d4 d5 2. c4 c6 3. Nc3 Nf6 4. Nf3 e6 5. Bg5 dxc4 6. e4 b5 7. e5 h6 8. Bh4 g5 9. Nxg5 hxg5 10. Bxg5 Nbd7 11. exf6 Bb7 12. g3 c5 13. d5 Qb6 14. Bg2 0-0-0 15. 0-0 b4 16. Na4 Qa6 17. b3 c3 18. a3 Bxd5 19. Bxd5 Ne5 20. Qc2 Rxd5 21. Qe4 Qd3 22. Qxd3 Nxd3 23. Be3 Rd7 24. Rfd1 Bh6 25. f4 Rhd8 26. Rf1 Bf8 27. h4 Kb7 28. g4 Kc6 29. g5 Rd4 30. Bxd4 Rxd4 31. axb4 cxb4 32. Rad1 c2 33. Rd2 c1Q 34. Rxc1+ Nxc1 35. Rc2+ Kd5 36. Rxc1 Rxf4 37. Rc7 Rxh4 38. Rxf7 Rg4+ 39. Kf2 Bd6 40. Rxa7 e5 41. Rg7 Ke6 42. Kf3 Kf5 43. f7 e4+ 44. Kf2 Rf4+ 45. Ke2 Rf3 46. g6 Rxb3 47. Rg8 Kf6 48. Nb6 Rf3 49. Nd5+ Kg5 50. Rd8 Kxg6 51. Rxd6+ Kxf7 52. Nxb4 1/2-1/2

[Event "POL-ch sf"]
[Site "Karpacz"]
[Date "2022.12.10"]
[Round "8"]
[White "Nowak, Mikolaj"]
[Black "Luberanski, Jakub"]
[Result "1-0"]
[WhiteElo "2395"]
[BlackElo "2243"]
[PlyCount "117"]
[EventDate "2022.12.03"]
[EventType "swiss"]
[EventRounds "9"]
[EventCountry "POL"]
[SourceTitle "CBM 211 Extra"]
[Source "ChessBase"]
[SourceDate "2023.01.31"]
[SourceVersion "1"]
[SourceVersionDate "2023.01.31"]
[SourceQuality "1"]

1. e4 e6 2. Qe2 c5 3. Nf3 Nc6 4. g3 g6 5. Bg2 Bg7 6. 0-0 Nge7 7. c3 0-0 8. d3 e5 9. a3 d5 10. b4 c4 11. dxc4 dxe4 12. Qxe4 f5 13. Qc2 e4 14. Rd1 Qe8 15. Nd4 Qf7 16. c5 Nxd4 17. cxd4 Be6 18. Nd2 Nc6 19. Bb2 Nxd4 20. Bxd4 Bxd4 21. Rac1 Rfd8 22. Re1 Rac8 23. Bf1 Bg7 24. Bc4 Bxc4 25. Nxc4 b6 26. Red1 Bd4 27. Nd6 Rxd6 28. cxd6 Rxc2 29. Rxc2 Qd5 30. Rcd2 Qxd6 31. Rxd4 Qe5 32. Rd7 e3 33. Rxa7 Qe8 34. Re1 e2 35. Rc7 Qe4 36. Rc3 g5 37. Re3 Qc4 38. R3xe2 f4 39. Re4 Qc3 40. a4 Kg7 41. a5 bxa5 42. bxa5 Qxa5 43. Re5 Qd8 44. Re7+ Kf6 45. Rxh7 Kf5 46. Rf1 Qd4 47. Rb7 Qd5 48. Rfb1 Kg4 49. R7b5 Qe4 50. R5b3 Qd5 51. h3+ Kxh3 52. gxf4+ Kh4 53. fxg5 Qxg5+ 54. Rg3 Qe5 55. Rbb3 Qe1+ 56. Kg2 Qe4+ 57. Kh2 Kh5 58. Rb8 Qe5 59. Rh8+ 1-0

[Event "POL-ch sf"]
[Site "Karpacz"]
[Date "2022.12.03"]
[Round "1"]
[White "Luberanski, Jakub"]
[Black "Wieczorek, Oskar"]
[Result "1/2-1/2"]
[WhiteElo "2243"]
[BlackElo "2504"]
[PlyCount "52"]
[EventDate "2022.12.03"]
[EventType "swiss"]
[EventRounds "9"]
[EventCountry "POL"]
[SourceTitle "CBM 211 Extra"]
[Source "ChessBase"]
[SourceDate "2023.01.31"]
[SourceVersion "1"]
[SourceVersionDate "2023.01.31"]
[SourceQuality "1"]

1. d4 Nf6 2. c4 c5 3. d5 e6 4. Nc3 exd5 5. cxd5 d6 6. e4 g6 7. h3 Bg7 8. Nf3 0-0 9. Be3 Na6 10. Be2 Re8 11. Nd2 Nc7 12. a4 Rb8 13. Bf4 a6 14. a5 Nb5 15. Bxb5 axb5 16. Nxb5 Nxd5 17. Bxd6 Bd7 18. 0-0 Bxb5 19. Bxb8 Bxf1 20. Nxf1 Nb4 21. Qxd8 Rxd8 22. Bf4 Bxb2 23. Rb1 Nd3 24. Ne3 Re8 25. Bd6 Rxe4 26. Bxc5 Nxc5 1/2-1/2

[Event "POL-ch U20"]
[Site "Karpacz"]
[Date "2022.11.27"]
[Round "9"]
[White "Luberanski, Jakub"]
[Black "Kokoszczynski, Jan"]
[Result "1-0"]
[WhiteElo "2255"]
[BlackElo "2319"]
[PlyCount "69"]
[EventDate "2022.11.19"]
[EventType "swiss"]
[EventRounds "9"]
[EventCountry "POL"]
[SourceTitle "EXT 2024"]
[Source "ChessBase"]
[SourceDate "2023.10.10"]
[SourceVersion "1"]
[SourceVersionDate "2023.10.10"]
[SourceQuality "1"]

1. d4 Nf6 2. c4 e6 3. Nc3 Bb4 4. Qc2 0-0 5. a3 Bxc3+ 6. Qxc3 b6 7. Bg5 Bb7 8. e3 d6 9. f3 Nbd7 10. Bd3 c5 11. Ne2 Rc8 12. b4 h6 13. Bh4 cxd4 14. exd4 Ba6 15. Qb3 d5 16. c5 Bxd3 17. Qxd3 e5 18. 0-0 exd4 19. cxb6 Qxb6 20. Bf2 Rc4 21. Nxd4 Qa6 22. Rfe1 Rd8 23. Nf5 Nb8 24. Bd4 Nh5 25. b5 Qa4 26. Bxg7 Nf4 27. Qd1 Qxb5 28. Bxh6 Qc5+ 29. Kh1 Ng6 30. Qd2 Nc6 31. Qg5 Rc2 32. Rad1 Qf2 33. Ne3 Re2 34. Rxe2 Qxe2 35. Qf6 1-0

[Event "POL-ch U20"]
[Site "Karpacz"]
[Date "2022.11.25"]
[Round "8"]
[White "Koziorowicz, Michal"]
[Black "Luberanski, Jakub"]
[Result "1-0"]
[WhiteElo "2296"]
[BlackElo "2255"]
[PlyCount "79"]
[EventDate "2022.11.19"]
[EventType "swiss"]
[EventRounds "9"]
[EventCountry "POL"]
[SourceTitle "EXT 2024"]
[Source "ChessBase"]
[SourceDate "2023.10.10"]
[SourceVersion "1"]
[SourceVersionDate "2023.10.10"]
[SourceQuality "1"]

1. e4 e6 2. d3 d5 3. Nd2 c5 4. g3 Nc6 5. Bg2 g6 6. Ngf3 Bg7 7. 0-0 Nge7 8. Re1 b6 9. h4 h6 10. Nf1 0-0 11. e5 f6 12. exf6 Rxf6 13. d4 Qf8 14. c3 Rf7 15. Ne3 Nf5 16. Ng4 cxd4 17. cxd4 Nd6 18. Qc2 Rxf3 19. Qxc6 Bb7 20. Qc2 Ne4 21. Bxf3 Qxf3 22. Qe2 Qxe2 23. Rxe2 Ba6 24. Rc2 Bxd4 25. Nxh6+ Kh8 26. Be3 Bxe3 27. fxe3 Rf8 28. Rg2 Rf3 29. Re1 g5 30. Ng4 gxh4 31. gxh4 Rh3 32. Ne5 Kh7 33. Rc1 Ng3 34. Rc7+ Kh6 35. Rh2 Ne2+ 36. Kg2 Rg3+ 37. Kf2 Rg8 38. Rg2 Rf8+ 39. Ke1 Rf5 40. Rg6+ 1-0

[Event "Trzcianka Dziedzic Memorial 12th"]
[Site "Trzcianka"]
[Date "2022.11.13"]
[Round "4"]
[White "Luberanski, Jakub"]
[Black "Brodowski, Piotr"]
[Result "0-1"]
[WhiteElo "2255"]
[BlackElo "2455"]
[PlyCount "98"]
[EventDate "2022.11.13"]
[EventType "swiss (rapid)"]
[EventRounds "9"]
[EventCountry "POL"]
[SourceTitle "CBM 211 Extra"]
[Source "ChessBase"]
[SourceDate "2023.01.31"]
[SourceVersion "1"]
[SourceVersionDate "2023.01.31"]
[SourceQuality "1"]

1. e4 c5 2. Nf3 Nc6 3. Bb5 g6 4. Bxc6 dxc6 5. d3 Bg7 6. h3 b6 7. 0-0 Qc7 8. a4 a5 9. Na3 Nf6 10. Be3 Nd7 11. c3 0-0 12. Nh2 Rd8 13. f4 Nf6 14. Qc2 Ba6 15. Rad1 Rd7 16. Nf3 Nh5 17. e5 Ng3 18. Rf2 Rad8 19. c4 Nf5 20. Bc1 e6 21. Qe2 Nd4 22. Nxd4 cxd4 23. g4 Re8 24. Rdf1 Qd8 25. Qe4 c5 26. Nb5 Bb7 27. Qe2 f6 28. Nd6 Rxd6 29. exd6 Qxd6 30. Kh2 Bf8 31. Rg1 Qc7 32. Bd2 Bd6 33. h4 Bc6 34. b3 e5 35. Kh3 exf4 36. Qd1 g5 37. Re1 Re3+ 38. Bxe3 dxe3 39. Rff1 Be5 40. d4 Bxd4 41. Qd3 Qe5 42. Qf5 Qxf5 43. gxf5 h5 44. hxg5 fxg5 45. Rg1 Bf6 46. Rd1 g4+ 47. Kh2 Bd4 48. Rge1 Kf7 49. Rf1 e2 0-1